000 nam a22 7a 4500
999 _c9924
_d9924
008 180208b ||||| |||| 00| 0 eng d
100 _aShaw, R
_95987
245 _aProblem and sollution accounts - XII
260 _aNew Delhi
_bShawbus Publication
_c2012